[Event "Plzen op 6th"]
[Site "Plzen"]
[Date "2014.11.27"]
[Round "5"]
[White "Nemcova, Kamila"]
[Black "Von Keyserlingk, Chanda"]
[Result "0-1"]
[WhiteElo "1633"]
[BlackElo "1759"]
[PlyCount "52"]
[EventDate "2014.11.23"]
[EventType "swiss"]
[EventRounds "7"]
[EventCountry "CZE"]
[SourceTitle "CBM 163 Extra"]
[Source "ChessBase"]
[SourceDate "2014.12.23"]
[SourceVersion "1"]
[SourceVersionDate "2014.12.23"]
[SourceQuality "1"]

1. e4 c5 2. Nf3 d6 3. d4 cxd4 4. Nxd4 Nf6 5. Nc3 g6 6. Be2 Bg7 7. 0-0 0-0 8. Kh1 Nc6 9. Nb3 Bd7 10. Bg5 Rc8 11. f4 Na5 12. e5 Nxb3 13. axb3 Rxc3 14. exf6 exf6 15. bxc3 fxg5 16. Qxd6 Bc6 17. Qxd8 Rxd8 18. Bd3 g4 19. Rxa7 Bxc3 20. Rd1 h5 21. Rf1 h4 22. Rd1 h3 23. Rg1 Bd4 24. Ra2 hxg2+ 25. Rxg2 Re8 26. Be2 Rxe2 0-1

[Event "Plzen op 6th"]
[Site "Plzen"]
[Date "2014.11.24"]
[Round "2"]
[White "Stankova, Zuzana"]
[Black "Von Keyserlingk, Chanda"]
[Result "0-1"]
[WhiteElo "1562"]
[BlackElo "1759"]
[PlyCount "94"]
[EventDate "2014.11.23"]
[EventType "swiss"]
[EventRounds "7"]
[EventCountry "CZE"]
[SourceTitle "CBM 163 Extra"]
[Source "ChessBase"]
[SourceDate "2014.12.23"]
[SourceVersion "1"]
[SourceVersionDate "2014.12.23"]
[SourceQuality "1"]

1. e4 c5 2. d4 cxd4 3. c3 d6 4. cxd4 g6 5. Nf3 Bg7 6. Be3 Nf6 7. Nc3 0-0 8. h3 b6 9. Rc1 Bb7 10. Bd3 Nc6 11. a3 Rc8 12. 0-0 Na5 13. Qe2 Nd7 14. b4 Nc6 15. Rc2 e5 16. Nb5 Ndb8 17. Rfc1 a6 18. d5 axb5 19. dxc6 Bxc6 20. Bxb5 Bb7 21. Rxc8 Bxc8 22. Qc2 Bb7 23. Qc7 Qxc7 24. Rxc7 Bxe4 25. Bxb6 Bd5 26. a4 Bf6 27. Rc1 Be6 28. Bc7 Rc8 29. Kh2 Bd8 30. Bxb8 Rxc1 31. Bxd6 f6 32. Bc5 Bc7 33. g3 Bd5 34. Ng1 f5 35. a5 f4 36. h4 Bxa5 37. gxf4 exf4 38. Bd6 Bc7 39. Bxc7 Rxc7 40. Ba6 Rc1 41. b5 Rb1 42. f3 Kf8 43. Ne2 Rb2 44. b6 Bxf3 45. b7 Bxe2 46. b8Q+ Rxb8 47. Bxe2 Rb2 0-1

[Event "GER-chT Federal Cup (Women)"]
[Site "Braunfels"]
[Date "2014.06.19"]
[Round "1.7"]
[White "Wagner, Daniella"]
[Black "Von Keyserlingk, Chanda"]
[Result "1/2-1/2"]
[WhiteElo "1212"]
[BlackElo "1670"]
[PlyCount "140"]
[EventDate "2014.06.19"]
[EventType "team-swiss"]
[EventRounds "5"]
[EventCountry "GER"]
[SourceTitle "EXT 2015"]
[Source "ChessBase"]
[SourceDate "2014.11.20"]
[SourceVersion "1"]
[SourceVersionDate "2014.11.20"]
[SourceQuality "1"]
[WhiteTeam "Hamburg (W)"]
[BlackTeam "Sachsen (W)"]
[WhiteTeamCountry "GER"]
[BlackTeamCountry "GER"]

1. d4 d5 2. Nf3 Nf6 3. g3 e6 4. Bg2 Be7 5. 0-0 0-0 6. Nbd2 Nbd7 7. Re1 c5 8. c3 cxd4 9. Nxd4 Ne5 10. N4f3 Nc6 11. Qb3 Na5 12. Qc2 Bd7 13. Ne5 Be8 14. e4 Rc8 15. exd5 Nxd5 16. Nf1 f6 17. Nf3 Bg6 18. Qe2 e5 19. Nh4 Bf7 20. Rd1 Nxc3 21. bxc3 Qc7 22. Be3 Rfd8 23. Rxd8+ Rxd8 24. Bd2 Nc4 25. Nf3 Bg6 26. Qe1 Nb2 27. Ne3 Bc5 28. Nh4 Bf7 29. Rb1 Nd3 30. Qf1 b6 31. Be4 Bxe3 32. Bxe3 Nc5 33. Bxc5 Qxc5 34. Rd1 Rxd1 35. Qxd1 Bxa2 36. Qd8+ Qf8 37. Qxf8+ Kxf8 38. Bxh7 a5 39. Bc2 Bc4 40. Nf5 b5 41. Nd6 Be2 42. Kg2 Ke7 43. Nf5+ Kf8 44. f3 a4 45. Bb1 a3 46. Ne3 Ke7 47. Ba2 Bd3 48. Kf2 Kd6 49. Ke1 Kc5 50. Kd2 Bg6 51. Bb3 Bb1 52. Nc2 a2 53. Na1 b4 54. Kc1 bxc3 55. Bc2 Kd4 56. Bxb1 axb1Q+ 57. Kxb1 Ke3 58. Kc2 Kxf3 59. Kxc3 Kg2 60. Nc2 Kxh2 61. Ne3 Kxg3 62. Nf5+ Kf4 63. Nxg7 Ke3 64. Kc4 e4 65. Kd5 Kf3 66. Nf5 Kf4 67. Ke6 Kg5 68. Ne3 Kg6 69. Nf5 Kg5 70. Ne3 Kg6 1/2-1/2

[Event "Trebic Highlands op 10th"]
[Site "Trebic"]
[Date "2014.05.18"]
[Round "3"]
[White "Feldvabl, Vilem"]
[Black "Von Keyserlingk, Chanda"]
[Result "1/2-1/2"]
[WhiteElo "1746"]
[BlackElo "1730"]
[PlyCount "172"]
[EventDate "2014.05.17"]
[EventType "swiss"]
[EventRounds "9"]
[EventCountry "CZE"]
[SourceTitle "CBM 160 Extra"]
[Source "ChessBase"]
[SourceDate "2014.07.01"]
[SourceVersion "1"]
[SourceVersionDate "2014.07.01"]
[SourceQuality "1"]

1. d4 Nf6 2. Bg5 d5 3. e3 c6 4. c3 Nbd7 5. Nf3 g6 6. Bd3 Bg7 7. 0-0 0-0 8. Nbd2 Re8 9. h3 Nf8 10. Ne5 N6d7 11. Nxd7 Bxd7 12. f4 f5 13. Nf3 Be6 14. Rc1 Nd7 15. Ne5 Nf6 16. Qb3 Qb6 17. c4 Qxb3 18. axb3 Ne4 19. Bxe4 dxe4 20. Rfd1 Rad8 21. b4 a6 22. c5 Bb3 23. Rd2 Kf8 24. Rc3 Bd5 25. g4 Kg8 26. gxf5 gxf5 27. Rg2 Kh8 28. Rcc2 Bf6 29. Rg3 Rg8 30. Rcg2 Be6 31. Bh6 Rxg3 32. Rxg3 Rg8 33. Kh2 Bh4 34. Rxg8+ Kxg8 35. Bg5 Be1 36. Kg2 Kf8 37. Kf1 Bxb4 38. Ke2 Ke8 39. Bh6 Bb3 40. Bg5 Ba4 41. Bh4 Bb5+ 42. Kf2 Bd2 43. b3 Ba5 44. Nc4 Bxc4 45. bxc4 e6 46. Ke2 Kd7 47. Kd1 Kc8 48. Kc2 Kd7 49. Kd1 Kc8 50. Kc2 Kc7 51. Kb3 Kb8 52. Bf2 Bd8 53. Ka4 Kc8 54. Kb3 Kd7 55. Be1 Ke8 56. Kc2 Kf7 57. Kd1 Kg6 58. Ke2 Kh5 59. Kf1 a5 60. Kg2 a4 61. Bb4 Kg6 62. Kf1 Bh4 63. Kg2 Kf7 64. Kf1 Bd8 65. Ke2 Bc7 66. Kf1 Kf6 67. Kg2 Bd8 68. Kf2 Ke7 69. Ke2 Kd7 70. Kd2 Be7 71. Ba5 Bd8 72. Bb4 Bh4 73. Kc2 Bf2 74. Bd2 Ke7 75. Kb2 Kf7 76. Ka3 Kg6 77. Kxa4 Kh5 78. Ka5 Kh4 79. Kb6 Kxh3 80. Kxb7 h5 81. Kxc6 Kg2 82. Kd7 h4 83. c6 h3 84. c7 h2 85. c8Q h1Q 86. c5 Qh3 1/2-1/2